000 04841cam a22012374i 4500
003 PE-LiUPU
005 20250813185648.0
008 150511s2011 sp a rb 000 0 spa d
020 _a9788415335047
035 _a(Sirsi) i9788415335047
040 _aPE-LiUPU
_bspa
_cPE-LiUPU
_erda
041 0 _aspa
_apor
049 _aPRUA
082 0 4 _a333.7
_bM3
245 0 0 _aMedio ambiente, energía y cambio climático /
_ceditores, Álvaro Sánchez Bravo, Clovis Gorczevski.
264 1 _aSevilla :
_bArCiBel Editores, S.L.,
_c[2011].
300 _a435 páginas :
_bilustraciones ;
_c22 centímetros
336 _atext
_2rdacontent
337 _aunmediated
_2rdamedia
338 _avolume
_2rdacarrier
504 _aBibliografía: páginas 434-435.
505 0 _aLa lucha contra el cambio climático: el enfoque andaluz -- Estrategia Europea de la energía: el nuevo paradigma del mercado y la sostenibilidad ambiental -- Meio ambiente, energía y mudanças climáticas no Brasil: a paralexe entre retórica e práxis -- Cambio Climático: Estrategia Andaluza -- O efeito estufa e as alteraçóes climáticas: a necesidade de políticas energéticas e utilizaçáo de fontes renováveis para um desenvolvimento sustentável capaz de garatir o direito humano fundamental a um meio ambiente ecologicamente equilibrado -- Luces y sombras en la implantación y desarrollo de las energías renovalbes. Una visión desde la Administración Local -- Mercado Energético Brasileiro e as alteraçóes climáticas -- Energía, Medio ambiente y cambio climático --Serviços públicos de energia eléctrica e a utilizaçáos de recursos hídricos: ponderaçóes acerca da experiência brasileira -- Los espacios de participación política y de deliberación en la protección de los recursos hídricos: un recorte desde de los Cómites de Cuencas Hidrográficas en rio Grande Do Sul -- O ser humano e o Estado: una síntese socioambiental na panorãmica das políticas públicas do desenvolvimento citadino sustentável -- A consagração do meio amibente equilibrado reafirmado pela efectivação do principio da dignidade humana e pela concretização do exercício da cidadania -- A sociedade de risco e a evolução jurídica no tratamento das questóes ambientais no Brasil -- Las estrategias locales: claves de éxito para los nuevos modelos de desarrollo sostenible -- Visáo ambiental ou visáo ecológica? Uma necessária mudançã de paradigma conceitual para a efetivação do Direito Ambiental -- Meio ambiente, educação e cidadania: uma interrelação necessária.
526 _aP202
526 _aP201
526 _aP163
526 _aP162
526 _aP161
526 _aP160
526 _aP148
526 _aP147
526 _aP146
526 _aP145
526 _aP144
526 _aP143
526 _aP142
526 _aP141
526 _aP140
526 _aP139
526 _aP138
526 _aP137
526 _aP136
526 _aP135
526 _aP134
526 _aP133
526 _aP129
526 _aP128
526 _aP127
526 _aP120
526 _aP119
526 _aP118
526 _aP116
526 _aP115
526 _aP114
526 _aP110
526 _aP109
526 _aP108
526 _aP104
526 _aP103
526 _aP102
526 _aP99
526 _aP98
526 _aP97
526 _aP96
526 _aP95
526 _aP93
526 _aP90
526 _aP89
526 _aP88
526 _aP83
526 _aP82
526 _aP62
526 _aP59
526 _aP58
526 _aP57
526 _aP51
526 _aP49
526 _aP48
526 _aP47
526 _aP29
526 _aP24
526 _aP20
526 _aP19
526 _aP17
526 _aP15
526 _aP14
526 _aP12
526 _aP10
526 _aP09
526 _aP08
526 _aP07
526 _aP06
526 _aP05
526 _aP04
526 _aP01
541 _g003-001466;
650 7 _aPolítica ambiental.
_2embne
650 7 _aPolítica energética
_xAspectos ambientales.
_2embne
700 1 _aGorczevski, Clovis,
_eeditor.
700 1 _aSánchez Bravo, Álvaro,
_eeditor.
910 _acce
_bjck
_ccce
_d20150511
942 _2ddc
_cBOOK
949 _a333.7 M3
_wDEWEY
_c1
_i70935
_lCCODEBUL1
_mBUL
_p76.20
_r0
_sY
_tBOOK
_u2015-5-11
_xINGENIERIA
_PP24
_0COMPRA
_o.STAFF. Colección General
994 _aC0
_bPEPRU
596 _a1
999 _a333.7 M3
_wDEWEY
_c60516
_i70935
_d60516
_e2019-6-11
_f2021-11-9
_g7
_lCCODEBUL1
_mBUL
_n4
_p76.20
_q3
_r0
_sY
_tBOOK
_u2015-5-11
_xINGENIERIA
_PP24
_0COMPRA
_o.STAFF. Colección General
980 _81
_gALBERTO SANCHEZ Responsable de Automatización